[Event "Wch Seniors 50 28th"]
[Site "Bled"]
[Date "2018.11.28"]
[Round "10"]
[White "Muniraju, Narayanappa"]
[Black "De Winter, Gerard"]
[Result "1-0"]
[WhiteElo "1259"]
[BlackElo "1663"]
[PlyCount "63"]
[EventDate "2018.11.18"]
[EventType "swiss"]
[EventRounds "11"]
[EventCountry "SLO"]
[SourceTitle "CBM 187 Extra"]
[Source "ChessBase"]
[SourceDate "2018.11.04"]
[SourceVersion "1"]
[SourceVersionDate "2018.11.04"]
[SourceQuality "1"]

1. e4 c5 2. f4 d6 3. Nf3 Nc6 4. c3 e6 5. Bb5 Bd7 6. 0-0 Nge7 7. Ng5 g6 8. Kh1 h6 9. Nf3 Bg7 10. Be2 Qc7 11. d3 0-0-0 12. Be3 f5 13. Nbd2 Kb8 14. Rc1 e5 15. fxe5 dxe5 16. Bxc5 b6 17. Bg1 Be6 18. a4 Qd7 19. Qc2 Rc8 20. Qb1 f4 21. b4 g5 22. a5 b5 23. c4 Nd4 24. Nxd4 exd4 25. Nb3 a6 26. Nc5 Qd6 27. cxb5 axb5 28. Qa1 Rhd8 29. a6 Ka7 30. Qa5 Nc6 31. Qxb5 Rb8 32. Nb7 1-0

[Event "Wch Seniors 50 28th"]
[Site "Bled"]
[Date "2018.11.25"]
[Round "7"]
[White "Muniraju, Narayanappa"]
[Black "De Meester, Johan"]
[Result "0-1"]
[WhiteElo "1259"]
[BlackElo "1720"]
[PlyCount "114"]
[EventDate "2018.11.18"]
[EventType "swiss"]
[EventRounds "11"]
[EventCountry "SLO"]
[SourceTitle "CBM 187 Extra"]
[Source "ChessBase"]
[SourceDate "2018.11.04"]
[SourceVersion "1"]
[SourceVersionDate "2018.11.04"]
[SourceQuality "1"]

1. d4 d5 2. c4 e6 3. Nc3 Nf6 4. Bg5 Be7 5. Nf3 h6 6. Bf4 a6 7. cxd5 exd5 8. Bd2 c6 9. e3 0-0 10. Be2 Bf5 11. 0-0 Nbd7 12. Be1 Re8 13. Bd3 Bxd3 14. Qxd3 Bd6 15. h3 Nf8 16. Ne2 Ng6 17. a3 Ne4 18. Nd2 Qg5 19. Nf3 Qf6 20. Rc1 Ng5 21. Nxg5 Qxg5 22. Rc3 Nh4 23. Ng3 Re6 24. f4 Qe7 25. Bf2 Rg6 26. Kh1 Re8 27. Rg1 Qd7 28. Qf1 Nf5 29. Nxf5 Qxf5 30. Rb3 Qd7 31. Be1 Rge6 32. Qf3 Re4 33. Bf2 c5 34. dxc5 Bxc5 35. Rd3 Qe6 36. f5 Qe5 37. Rgd1 Qxb2 38. R1d2 Qb6 39. Rxd5 Bxa3 40. Rd7 Qc6 41. Qh5 R4e7 42. Qd1 b5 43. Rxe7 Rxe7 44. Rc2 Qe4 45. Qd8+ Re8 46. Qd2 Bd6 47. Ra2 Qe5 48. g3 Qe4+ 49. Kh2 Be5 50. Rxa6 Rb8 51. Ra7 Qxf5 52. Rd7 b4 53. e4 Qxe4 54. Ba7 Rc8 55. Rd8+ Rxd8 56. Qxd8+ Kh7 57. Qd2 b3 0-1

[Event "Wch Seniors 50 28th"]
[Site "Bled"]
[Date "2018.11.19"]
[Round "2"]
[White "Gilbert, Michael A"]
[Black "Muniraju, Narayanappa"]
[Result "1-0"]
[WhiteElo "1921"]
[BlackElo "1259"]
[PlyCount "95"]
[EventDate "2018.11.18"]
[EventType "swiss"]
[EventRounds "11"]
[EventCountry "SLO"]
[SourceTitle "CBM 187 Extra"]
[Source "ChessBase"]
[SourceDate "2018.11.04"]
[SourceVersion "1"]
[SourceVersionDate "2018.11.04"]
[SourceQuality "1"]

1. d4 e6 2. Nf3 Nf6 3. Bg5 Be7 4. Nbd2 c5 5. e3 Nc6 6. c3 Qb6 7. Nc4 Qd8 8. Bxf6 gxf6 9. d5 exd5 10. Qxd5 d6 11. 0-0-0 Be6 12. Qh5 Qc7 13. Kb1 0-0-0 14. Bd3 Rdg8 15. g3 Bg4 16. Bf5+ Bxf5+ 17. Qxf5+ Kb8 18. Qd5 b5 19. Na3 a6 20. Qxf7 Ne5 21. Qd5 Rc8 22. Nh4 Qd7 23. e4 Ng4 24. Rd2 Qc6 25. Qxc6 Rxc6 26. Nf5 Bf8 27. Nc2 Kc7 28. f4 Nh6 29. Nce3 Nxf5 30. Nxf5 Kd7 31. Rhd1 Ke6 32. Rd5 Be7 33. Kc2 Rhc8 34. Ne3 a5 35. Rh5 Rh8 36. Rdd5 Kf7 37. Rh3 Bf8 38. Rdh5 h6 39. Nf5 Kg6 40. Rxh6+ Bxh6 41. Ne7+ Kf7 42. Nxc6 a4 43. Na7 b4 44. cxb4 cxb4 45. Nb5 Rc8+ 46. Kd2 Bf8 47. Rh7+ Ke6 48. Nd4# 1-0

[Event "Wch Seniors 50 28th"]
[Site "Bled"]
[Date "2018.11.18"]
[Round "1"]
[White "Muniraju, Narayanappa"]
[Black "Metge, J Nigel"]
[Result "0-1"]
[WhiteElo "1259"]
[BlackElo "2130"]
[PlyCount "56"]
[EventDate "2018.11.18"]
[EventType "swiss"]
[EventRounds "11"]
[EventCountry "SLO"]
[SourceTitle "CBM 187 Extra"]
[Source "ChessBase"]
[SourceDate "2018.11.04"]
[SourceVersion "1"]
[SourceVersionDate "2018.11.04"]
[SourceQuality "1"]

1. e4 e6 2. d4 d5 3. e5 c5 4. Nf3 cxd4 5. Qxd4 Nc6 6. Bb5 Bd7 7. Bxc6 bxc6 8. 0-0 Ne7 9. Bg5 Qc7 10. Bxe7 Bxe7 11. Nc3 c5 12. Qg4 0-0 13. Rad1 Rab8 14. b3 Rb4 15. Qg3 c4 16. a3 Rb7 17. b4 a5 18. Rd4 f5 19. h4 axb4 20. axb4 Bxb4 21. Ng5 Bxc3 22. Qxc3 Qxe5 23. Re1 Qf6 24. Qe3 f4 25. Qd2 Rb2 26. Qc3 Rfb8 27. Nf3 Rb1 28. Ne5 Qxe5 0-1

[Event "Wch Seniors 50 26th"]
[Site "Marianske Lazne"]
[Date "2016.11.29"]
[Round "10"]
[White "De Winter, Gerard"]
[Black "Muniraju, Narayanappa"]
[Result "1/2-1/2"]
[WhiteElo "1771"]
[BlackElo "1264"]
[PlyCount "57"]
[EventDate "2016.11.19"]
[EventType "swiss"]
[EventRounds "11"]
[EventCountry "CZE"]
[SourceTitle "CBM 175 Extra"]
[Source "ChessBase"]
[SourceDate "2016.12.12"]
[SourceVersion "1"]
[SourceVersionDate "2016.12.12"]
[SourceQuality "1"]

1. Nf3 Nf6 2. g3 g6 3. Bg2 Bg7 4. c4 c6 5. 0-0 0-0 6. d4 e6 7. c5 d6 8. cxd6 Qxd6 9. Nc3 Nd5 10. e4 Nxc3 11. bxc3 Rd8 12. e5 Qc7 13. Bg5 Rd7 14. Qc1 Na6 15. Bf6 c5 16. Qf4 Bxf6 17. Qxf6 Qd8 18. Qxd8+ Rxd8 19. Rfd1 Bd7 20. Ng5 Rab8 21. Ne4 Ba4 22. Rd2 cxd4 23. cxd4 b6 24. d5 exd5 25. Rxd5 Kg7 26. Rxd8 Rxd8 27. Nd6 f6 28. exf6+ Kxf6 29. Ne4+ 1/2-1/2

[Event "Wch Seniors 50 26th"]
[Site "Marianske Lazne"]
[Date "2016.11.28"]
[Round "9"]
[White "Muniraju, Narayanappa"]
[Black "Shaw, Meyrick"]
[Result "0-1"]
[WhiteElo "1264"]
[BlackElo "1947"]
[PlyCount "72"]
[EventDate "2016.11.19"]
[EventType "swiss"]
[EventRounds "11"]
[EventCountry "CZE"]
[SourceTitle "CBM 175 Extra"]
[Source "ChessBase"]
[SourceDate "2016.12.12"]
[SourceVersion "1"]
[SourceVersionDate "2016.12.12"]
[SourceQuality "1"]

1. d4 Nf6 2. c4 g6 3. Nc3 d5 4. Bf4 Bg7 5. e3 0-0 6. Rc1 c6 7. Nf3 Qb6 8. Qc2 Na6 9. a3 Bf5 10. Qd2 Ne4 11. Nxe4 dxe4 12. c5 Qd8 13. Nh4 Bd7 14. Qc2 e5 15. Bg3 exd4 16. Qxe4 dxe3 17. fxe3 Bxb2 18. Rb1 Bf6 19. Bxa6 Qa5+ 20. Kf2 Qxa6 21. Qb4 Rae8 22. Nf3 Qd3 23. Qd2 Qxd2+ 24. Nxd2 Bc8 25. Rhd1 Re6 26. Nc4 Bg5 27. h4 Bh6 28. Rd3 Rf6+ 29. Kg1 Bf5 30. Rdb3 Bxb1 31. Rxb1 Re8 32. Bf2 Bf8 33. Rxb7 Bxc5 34. Rc7 Re4 35. Nd2 Ra4 36. g4 Rxg4+ 0-1